000 00852nam a2200229Ia 4500
999 _c28826
_d28826
003 OSt
005 20201216151945.0
008 160316s2009 xxu||||| |||| 00| 0 eng d
020 _a9781843118633
040 _cNLS
082 _a341.7566
_bSPA
100 _aSparks Arthur
245 _aSteel carriage by sea
250 _a5th
260 _aLondon
_bInforma
_c2009
300 _a443p
_cxxiii
365 _bRs. 22,707
505 _aPreface; Acknowledgements; Table of Contents: Chapter 1. Manufacturing of Iron and Steel; Chapter 2. Types of Steel; Chapter 3. Carriage of Steel; Chapter 4. Surveying of Steel; Chapter 5. Handling of Steel Claims; Appendics; Index; List of Figures; List of Photographs.
650 _a1. Martime Law - U K 2. Carriage of Goods - Sea - U K
700 _aCoppers Frans
_a
942 _2ddc
_cBK